[Event "Washington op 8th"]
[Site "Rockville"]
[Date "2019.07.29"]
[Round "5"]
[White "Mulyar, Michael A"]
[Black "Indusekar, Akshay"]
[Result "0-1"]
[WhiteElo "2381"]
[BlackElo "2101"]
[PlyCount "92"]
[EventDate "2019.07.27"]
[EventType "swiss"]
[EventRounds "9"]
[EventCountry "USA"]
[SourceTitle "CBM 191 Extra"]
[Source "ChessBase"]
[SourceDate "2019.09.30"]
[SourceVersion "1"]
[SourceVersionDate "2019.09.30"]
[SourceQuality "1"]

1. d4 d5 2. Nf3 Nf6 3. c4 e6 4. g3 dxc4 5. Bg2 Bb4+ 6. Bd2 c5 7. Bxb4 cxb4 8. Ne5 0-0 9. a3 Nc6 10. Nxc6 bxc6 11. axb4 e5 12. Na3 exd4 13. Nxc4 Qe7 14. Qxd4 Qxb4+ 15. Qc3 Qxc3+ 16. bxc3 Be6 17. Na5 Bd5 18. f3 Rac8 19. c4 Be6 20. Kf2 Rfd8 21. Rhd1 Rxd1 22. Rxd1 c5 23. Rb1 Nd7 24. f4 Rb8 25. Rd1 Rb2 26. Nc6 g6 27. Bf3 Nb6 28. g4 h6 29. f5 Bxc4 30. Ne5 Bb3 31. Rd6 gxf5 32. gxf5 Nc4 33. Rd8+ Kg7 34. Ng4 Nd2 35. Bc6 h5 36. Ne5 Kf6 37. Nd3 Rc2 38. Rd6+ Kxf5 39. Kg2 Ne4 40. Rh6 Nf6 41. Kf3 c4 42. Nc5 Rc3+ 43. Kg2 Re3 44. Bf3 Kg5 45. Rh8 Re8 46. Ne4+ Rxe4 0-1

[Event "Dulles Cherry Blossom op"]
[Site "Dulles"]
[Date "2018.05.27"]
[Round "5"]
[White "Zapata, Alonso"]
[Black "Indusekar, Akshay"]
[Result "1/2-1/2"]
[WhiteElo "2415"]
[BlackElo "2121"]
[PlyCount "76"]
[EventDate "2018.05.25"]
[EventType "swiss"]
[EventRounds "7"]
[EventCountry "USA"]
[SourceTitle "CBM 184 Extra"]
[Source "ChessBase"]
[SourceDate "2018.06.28"]
[SourceVersion "1"]
[SourceVersionDate "2018.06.28"]
[SourceQuality "1"]

1. e4 c5 2. Nf3 e6 3. d4 cxd4 4. Nxd4 a6 5. Nc3 b5 6. g3 Bb7 7. Bg2 b4 8. Na4 Nf6 9. 0-0 Bxe4 10. Bxe4 Nxe4 11. Re1 Nc5 12. c3 Nxa4 13. Qxa4 Qb6 14. Be3 Bc5 15. Nxe6 fxe6 16. Bxc5 Qxc5 17. Rxe6+ Kf7 18. Re4 Re8 19. Qb3+ Re6 20. cxb4 Qc6 21. Rae1 Ra7 22. Qf3+ Kg8 23. Qg4 Rxe4 24. Rxe4 d5 25. Re6 Qd7 26. Qf4 Rb7 27. Rd6 Qe7 28. Rxd5 Rxb4 29. Qd2 Nc6 30. Rd6 Rxb2 31. Qd5+ Qf7 32. Qxf7+ Kxf7 33. Rxc6 Rxa2 34. h4 h5 35. Kg2 Ra3 36. Rc5 g6 37. Rc6 Kg7 38. Rb6 Kf7 1/2-1/2

[Event "USA-chT College final"]
[Site "New York"]
[Date "2014.04.06"]
[Round "3.4"]
[White "Paikidze, Nazi"]
[Black "Indusekar, Akshay"]
[Result "1-0"]
[WhiteElo "2340"]
[BlackElo "2028"]
[PlyCount "108"]
[EventDate "2014.04.05"]
[EventType "team-tourn"]
[EventRounds "3"]
[EventCountry "USA"]
[SourceTitle "EXT 2017"]
[Source "ChessBase"]
[SourceDate "2016.10.25"]
[SourceVersion "1"]
[SourceVersionDate "2016.10.25"]
[SourceQuality "1"]

1. d4 d5 2. Nf3 Nf6 3. c4 c6 4. e3 e6 5. Nc3 a6 6. Bd3 dxc4 7. Bxc4 b5 8. Bd3 c5 9. dxc5 Bxc5 10. 0-0 Bb7 11. a3 Nbd7 12. Qe2 0-0 13. e4 Qc7 14. g3 Ne5 15. Bf4 Nfd7 16. Rac1 Nxf3+ 17. Qxf3 Ne5 18. Qe2 f6 19. b4 Bb6 20. Na4 Qd8 21. Bxe5 bxa4 22. Bf4 Kh8 23. Be3 e5 24. Rfd1 Bd4 25. Rc4 Rc8 26. Bc2 Rxc4 27. Qxc4 Qc8 28. Qxc8 Rxc8 29. Bxa4 Bxe3 30. fxe3 Bxe4 31. Bd7 Rd8 32. Rc1 Kg8 33. Rc7 f5 34. Kf2 g5 35. Ra7 Kf8 36. a4 Rb8 37. Rxa6 Rxb4 38. Bxf5 Bxf5 39. Rf6+ Kg7 40. Rxf5 Rxa4 41. Rxg5+ Kf6 42. Rh5 Ra7 43. Kf3 Rb7 44. h4 Ra7 45. Rh6+ Kg7 46. Re6 Ra5 47. Ke4 Ra4+ 48. Kf5 h5 49. Rg6+ Kh7 50. Rg5 Kh6 51. Kxe5 Ra5+ 52. Kf4 Ra2 53. Rd5 Ra3 54. Rd6+ Kg7 1-0